000 01080nam a2200229Ia 4500
999 _c37852
_d37852
001 3830
003 GE_BSU
005 20190816160825.0
008 181216s1986||||ge |||||||||||||| ||geo||
040 _cGE_BSU
041 _ageo
080 _a159.923+316.6 ნ–16
100 _aნადირაშვილი, შ.
_92767
245 _aალკოჰოლი და პიროვნება /
_cშ. ნადირაშვილი, მ. ბალიაშვილი; რედ. მ. საყვარელიძე; დ. უზნაძის სახ. ფსიქოლოგიის ინ-ტი.
264 _aთბ. :
_bმეცნიერება,
_c1986.
300 _a98 გვ. ;
_b21 სმ.
653 _a ალკოჰოლიზმი
700 _aბალიაშვილი, მ.
_eავტორი
_93658
700 _aსაყვარელიძე, მ.
_e რედაქტორი
_93659
710 _a დ. უზნაძის სახ. ფსიქოლოგიის ინ-ტი.
_93660
942 _cBK
_2udc